Vuoden turhakkeet - Statistics

Yleistilastot
  • Tätä visaa on pelattu 22 kertaa
    5 viimeisimmän päivityksen jälkeen
  • Keskiarvotulos 5 / 25
Vastaustilastot
Vuosi Turhake % Oikein
2016 muovikassi
60%
2020 kertakäyttögrilli
40%
2000 lehtipuhallin
40%
2023 maakuntalentojen tukeminen
40%
2007 mönkijä
40%
2024 nurmikko
40%
2008 pantiton pullo
40%
2018 pikamuoti
40%
2017 fleece-kangas
20%
2011 Flush & Go -huuhtohylsy
20%
2013 hajustettu roskapussi
20%
2005 kaupunkimaasturi
20%
2019 korjauskelvoton elektroniikka
20%
2021 liika lihankulutus
20%
2015 muovinen kananmunakotelo
20%
2022 terassilämmitin
20%
2001 vaipankätkijä
20%
2003 hampurilaisaterian kylkiäinen
0%
2014 hyönteisansa
0%
2009 ilotulite
0%
2004 juotava jogurtti -minipakkaukset
0%
2006 kahdet puhelinluettelot
0%
2012 paristokäyttöinen käsisaippuapumppu
0%
2010 turkis
0%
2002 ulkomainen pullovesi
0%
Ehtoja vastaavia visoja ei löytynyt
Tulosjakauma
Jokaisen tuloksen saaneiden osuus
Persentiili vastausten määrän mukaan
Tuloshistoriasi
Et ole pelannut tätä visaa sen viimeisimmän päivityksen jälkeen